000 00278nam a2200121Ia 4500
008 190216s9999||||xx |||||||||||||| ||und||
100 _aAmrutha Preetham
245 0 _aOru Dhukkasathyam
260 _bC I C C Book House
_c1978
300 _a131p
650 _aNovel
942 _cBK
999 _c26485
_d26485